Mir Anees , Hayat aur Shairi / (Record no. 524622)

000 -LEADER
fixed length control field 00514nam a22001817a 4500
003 - CONTROL NUMBER IDENTIFIER
control field NUST
005 - DATE AND TIME OF LATEST TRANSACTION
control field 20190624105202.0
038 ## - RECORD CONTENT LICENSOR
Staff Name Faiza
082 ## - DEWEY DECIMAL CLASSIFICATION NUMBER
Classification number 891.4391092
Author Mark FAT
100 ## - MAIN ENTRY--PERSONAL NAME
Personal name Fatehpuri, Farman
9 (RLIN) 15425
245 ## - TITLE STATEMENT
Title Mir Anees , Hayat aur Shairi /
Statement of responsibility, etc. Farman Fatehpuri
260 ## - PUBLICATION, DISTRIBUTION, ETC.
Place of publication, distribution, etc. Lahore:
Name of publisher, distributor, etc. Gunj Shakar Press,
Date of publication, distribution, etc. 2002.
300 ## - PHYSICAL DESCRIPTION
Extent 256p. ;
500 ## - GENERAL NOTE
General note Hard Cover
880 ## - ALTERNATE GRAPHIC REPRESENTATION
Linkage 100-01\r
Title فرمان فتح پوری
880 ## - ALTERNATE GRAPHIC REPRESENTATION
Linkage 245-02\r
Title /میر انیس حیات اور شاعری
942 ## - ADDED ENTRY ELEMENTS (KOHA)
Source of classification or shelving scheme
Koha item type Book
Holdings
Withdrawn status Lost status Source of classification or shelving scheme Damaged status Not for loan Permanent Location Current Location Date acquired Total Checkouts Total Renewals Full call number Barcode Date last seen Date last checked out Price effective from Koha item type
          Central Library (CL) Central Library (CL) 06/24/2019 1 1 891.4391092 FAT CL-E-1645 12/23/2025 10/07/2021 06/24/2019 Book
© 2023 Central Library, National University of Sciences and Technology. All Rights Reserved.